| 000 | 00869nas a2200289 4500 | ||
|---|---|---|---|
| 001 | BR0604271 | ||
| 003 | BR-BrBNA | ||
| 005 | 20231205110333.0 | ||
| 007 | ta | ||
| 008 | 230509b bl.|||p| |||| 00| 00por d | ||
| 040 |
_aBR-BrBNA _bpor _cBiblioteca Nacional de Agricultura |
||
| 041 | _a(En) | ||
| 072 | _aH10 | ||
| 100 | 1 | _aSilva, C.C. | |
| 100 | 1 | _aMoraes, M.C.B. | |
| 100 | 1 | _aLaumann, R.A | |
| 100 | 1 | _aBorges, M. | |
| 245 | 1 | _aSensory response of the egg parasitoid Telenomus podisi to stimuli from the bug Euchistus heros | |
| 650 | _aPERCEVEJO | ||
| 650 | _aHYMENOPTERO | ||
| 650 | _aCONTROLE BIOLÓGICO | ||
| 650 | _aHOSPEDEIRO | ||
| 650 | _aFEROMÔNIO | ||
| 773 | 0 |
_tPesquisa Agropecuária Brasileira (Brazil) _xISSN 0100-204X _g(Jul 2006), v. 41(7) p. 1093-1098 _wBR0604271 |
|
| 909 |
_a202311 _bLúcia _c55 _dLúcia Elande |
||
| 942 |
_2AGRIS _n0 _cANA |
||
| 999 |
_c187020 _d187020 |
||